Nếp cũ Hội hè đình đám

Sách được viết nhuần nhị, trôi chảy, tự nhiên, tác giả đã trình bày rõ ràng, mạch lạc, dễ hiểu, dễ nhớ về phong tục, tập quán, lễ nghi, hội hè, đình đám của con người Việt Nam thuở trước qua 4.000 năm lịch sử....

Full beskrivning

Sparad:
Bibliografiska uppgifter
Huvudupphovsman: Toan Ánh
Materialtyp: Bok
Språk:Vietnamese
Publicerad: H. Trẻ 2023
Ämnen:
Taggar: Lägg till en tagg
Inga taggar, Lägg till första taggen!
Thư viện lưu trữ: Thư viện Trường Đại học Nam Cần Thơ
LEADER 01045nam a22001937a 4500
001 NCT_4_007192
008 240503b xxu||||| |||| 00| 0 vie d
999 |c 8262  |d 8262 
020 |a 9786041216136  |c 290000 
082 0 4 |2 23rd ed.  |a 390.09597  |b A107 
100 0 |a Toan Ánh 
245 1 0 |a Nếp cũ  |b Hội hè đình đám  |c Toan Ánh 
260 |a H.  |b Trẻ  |c 2023 
300 |a 639tr.  |c 23 cm 
520 3 |a Sách được viết nhuần nhị, trôi chảy, tự nhiên, tác giả đã trình bày rõ ràng, mạch lạc, dễ hiểu, dễ nhớ về phong tục, tập quán, lễ nghi, hội hè, đình đám của con người Việt Nam thuở trước qua 4.000 năm lịch sử. 
653 |a Quản trị Dịch vụ Du lịch và Lữ hành 
942 |2 ddc  |c BK 
952 |0 0  |1 0  |2 ddc  |4 0  |6 390_095970000000000_A107  |7 0  |9 28830  |a 000001  |b 000001  |d 2024-05-03  |o 390.09597 A107  |p MD.22405  |r 2024-05-03  |v 290000.00  |w 2024-05-03  |y BK 
980 |a Thư viện Trường Đại học Nam Cần Thơ